Crime and the law : the social history of crime in Western Europe since 1500
Αποθηκεύτηκε σε:
| Άλλοι συγγραφείς: | , , |
|---|---|
| Μορφή: | Βιβλίο |
| Γλώσσα: | English |
| Δημοσίευση: |
London :
Europa,
c1980
|
| Θέματα: | |
| Ετικέτες: |
Προσθήκη ετικέτας
Δεν υπάρχουν, Καταχωρήστε ετικέτα πρώτοι!
|
MARC
| LEADER | 00000nam a2200000 i 4500 | ||
|---|---|---|---|
| 001 | 1/61670 | ||
| 008 | 930913s1980 eng d | ||
| 020 | |a 0-905118-54-5 | ||
| 035 | |a ΛΕΣΒΟΣb10000899 |l 10000899 | ||
| 040 | |a GR-MY-UA |b gre |e aacr | ||
| 041 | 0 | |a eng | |
| 082 | 0 | |a 364.94 | |
| 245 | 1 | 0 | |a Crime and the law : |b the social history of crime in Western Europe since 1500 / |c Edited by V. A. C. Gatrell; Bruce Lenman; Geoffrey Parker |
| 260 | |a London : |b Europa, |c c1980 | ||
| 300 | |a 370 p. |b tables | ||
| 504 | |a Includes index | ||
| 650 | 0 | 0 | |a Crime |z Europe |x History. |
| 650 | 0 | 0 | |a Criminal law |z Europe |x History. |
| 700 | 1 | |a Gatrell, V. A. C. |d 1941- |4 edt | |
| 700 | 1 | |a Lenman, Bruce. |4 edt | |
| 700 | 1 | |a Parker, Geoffrey. |4 edt | |
| 852 | |a INST |b LESVOS |e 19930913 |h 364.94 CRI |p 005100003965 |q 005100003965 |t BK |y 0 | ||
| 909 | |a Λ |b 022357 | ||